| 000 | 00844cam a22002294a 4500 | ||
|---|---|---|---|
| 005 | 20250605164250.0 | ||
| 008 | 250528s ||||||||||||||||||||||||d | ||
| 035 | _a21723 | ||
| 020 | _a9789605240813 | ||
| 040 |
_aGR-AtMCL _bgre _dGR-AtMCL _eAACR2 |
||
| 245 | 1 | _aΑΡΧΕΣ ΦΥΣΙΟΛΟΓΙΑΣ ΤΟΜΟΣ Β | |
| 250 | _a5 | ||
| 260 |
_bΠανεπιστημιακές Εκδόσεις Κρήτης, _c2011 |
||
| 300 | _a407 | ||
| 505 | 0 | _aΦΥΣΙΟΛΟΓΙΑ ΚΥΤΤΑΡΟΥ ΑΡΤΗΡΙΑΚΟ ΣΥΣΤΗΜΑ ΚΥΚΛΟΦΟΡΙΚΟ ΚΙΝΗΤΙΚΟ ΣΥΣΤΗΜΑ | |
| 520 | _aΦΥΣΙΟΛΟΓΙΑ ΚΥΤΤΑΡΟΥ ΑΡΤΗΡΙΑΚΟ ΣΥΣΤΗΜΑ ΚΥΚΛΟΦΟΡΙΚΟ ΚΙΝΗΤΙΚΟ ΣΥΣΤΗΜΑ | ||
| 700 | 1 |
_aBerne Robert M. _97652 |
|
| 700 | 1 |
_aLevy Matthew N _97653 |
|
| 942 | _cBK | ||
| 999 |
_c6782 _d6782 |
||